All about good health

Bibliographic Details
Main Author: Parkinson, C. Northcote
Other Authors: Halbe V. B., Rustomji, M. K.
Format: Book
Language:English
Published: Singapore : Federal Publications , 1984
Series:Family and health
Subjects:

MARC

LEADER 00000cam a2200000 7i4500
001 0000000038
005 20230713.0
008 991122 si eng
020 |a 9810121067 (pbk) 
040 |a INS 
090 0 0 |a RA773   |b .P2475 1984 
100 1 |a Parkinson, C. Northcote 
245 1 0 |a All about good health   |c C. Northcote Parkinson and M. K. Rustomji   |f illustrated by V. B. Halbe 
260 |a Singapore :   |b Federal Publications ,   |c 1984 
300 |a viii, 198 p. :   |b ill. ;   |c 19 cm. 
440 0 |a Family and health 
650 0 |a Health 
700 1 |a Halbe V. B. 
700 1 |a Rustomji, M. K. 
999 |a 0000004513   |b BOOK   |c Open Shelf   |e Default branch